Power brokers: A fiction on industrial psychology and human resource management (Record no. 104721)

MARC details
000 -LEADER
fixed length control field 00424nam a2200157Ia 4500
008 - FIXED-LENGTH DATA ELEMENTS--GENERAL INFORMATION
fixed length control field 230917s9999||||xx |||||||||||||| ||und||
020 ## - ISBN
Price RS145
040 ## - CATALOGING SOURCE
-- 32171
Original cataloging agency VIVEKANANDA LIBRARY
041 ## - Language
-- English
082 ## - DDC NUMBER
Classification number 658.3 R141T
100 ## - MAIN ENTRY--PERSONAL NAME
Personal name Ramaswami, N
245 #0 - TITLE STATEMENT
Title Power brokers: A fiction on industrial psychology and human resource management
260 ## - PUBLICATION, DISTRIBUTION, ETC. (IMPRINT)
Place of publication, distribution, etc New Delhi
Name of publisher, distributor, etc Excel Books
Date of publication, distribution, etc 1998
300 ## - PHYSICAL DESCRIPTION
Pages 281 p.
942 ## - ADDED ENTRY ELEMENTS (KOHA)
Koha item type Books
Holdings
Withdrawn status Lost status Damaged status Not for loan Location (home branch) Sublocation or collection (holding branch) Shelving location Date acquired Koha issues (times borrowed) Koha full call number Accession No. Koha date last seen Koha item type
        VIVEKANANDA LIBRARY VIVEKANANDA LIBRARY IMSAR Library 08/08/2002   658.3 R141T 189203 17/09/2023 Books
        VIVEKANANDA LIBRARY VIVEKANANDA LIBRARY IMSAR Library 08/08/2002   658.3 R141T 234909 17/09/2023 Books
        VIVEKANANDA LIBRARY VIVEKANANDA LIBRARY IHTM Library 08/08/2002   658.3 R141T 277544 17/09/2023 Books
© Designed and Maintained by Vivekananda Library, MDU Rohtak